000 00657cam a2200205 a 4500
001 000018443
005 20200929165817.0
008 780426s1977 ve 000 jdspa d
040 _aDO-SdBNP
_cDLC
_dDLC
_dBNPHU
082 _aV863.5
_bR173C
100 1 _aCastellanos, Rafael Ramón,
_939920
245 1 0 _aJosé Ramírez /
_cRafael Ramón Castellanos.
260 _aCaracas :
_b[s.n.],
_c1977.
300 _a52 p. ;
_c16 cm.
600 1 0 _aRamírez, José,
_d1899-1976
_xCRÍTICA E INTERPRETACIÓN
_939921
650 4 _aNovela venezolana
_93962
650 4 _aLiteratura venezolana
_ySIGLO XIX
_939342
910 _aCatalogación derivada / LC
049 _aBNGR
999 _c17963
_d17963